Corporate and allied laws : (Record no. 103050)

MARC details
000 -LEADER
fixed length control field 00674nam a22002057a 4500
005 - DATE AND TIME OF LATEST TRANSACTION
control field 20160908103008.0
010 ## - LCCN (DPL NO)
LC control number ENG-115950
020 ## - INTERNATIONAL STANDARD BOOK NUMBER
International Standard Book Number 9789350357088
Terms of availability 725.00
035 ## - SYSTEM CONTROL NUMBER
System control number EN-99482
037 ## - SOURCE OF ACQUISITION
Source of stock number/acquisition DBAD/PUB
082 ## - DEWEY DECIMAL CLASSIFICATION NUMBER
Classification number 346.54066
100 ## - MAIN ENTRY--PERSONAL NAME
Personal name Oberoi, Ankit
245 ## - TITLE STATEMENT
Title Corporate and allied laws :
Statement of responsibility, etc by Ankit Obrai ;edited by Esha Narang
Remainder of title CA final group 1 Paper 4 /
250 ## - EDITION STATEMENT
Edition statement 3rd ed.
260 ## - PUBLICATION, DISTRIBUTION, ETC. (IMPRINT)
Place of publication, distribution, etc Gurgaon
Name of publisher, distributor, etc LexisNexis
Date of publication, distribution, etc 2016
270 ## - ADDRESS
Address 14th Floor, Building No.10, Tower-B, DLF Cyber City, Phase-II
City Gurgaon (Haryana)
Postal code 122002
300 ## - PHYSICAL DESCRIPTION
Extent Various Pagings
Dimensions 27cm(pbk)
700 ## - ADDED ENTRY--PERSONAL NAME
Personal name Narang,Esha
942 ## - ADDED ENTRY ELEMENTS (KOHA)
Source of classification or shelving scheme Dewey Decimal Classification
Item type English Books
Call number suffix OBE
Classification part 346.54066
Holdings
Withdrawn status Lost status Not for loan Collection code Home library Current library Date acquired Source of acquisition Cost, normal purchase price Full call number Barcode Copy number Cost, replacement price Koha item type
      Non-fiction Patel Nagar Patel Nagar 07/09/2016 DBAD/PUB 725.00 346.54066 OBE EN-99482 1 725.00 English Books

© Delhi Public Library
Hit Counter
free hit counter